| 000 | 01032nam2a22002291 4500 | ||
|---|---|---|---|
| 001 | v19\rc\1271788 | ||
| 005 | 20250618004401.0 | ||
| 035 | _a(NLR Aleph) 004423870 | ||
| 090 |
_a4173690 _c4173690 |
||
| 100 | _a20060306d1895 |||y0rusy50 ca | ||
| 101 | 0 | _arus | |
| 102 | _aRU | ||
| 105 | _ay z ||||| | ||
| 200 | 1 | _aКрестьянское землевладение в Эстляндской губернии по данным 1892-94 гг. | |
| 210 |
_d1895 _aБ. м. |
||
| 461 | 0 |
_1001v19\rc\1271787 _12001#$aТруды Эстляндского губернского статистического комитета$eТ. 11$vТ. 11$90 _94173680 _aЭстляндский губ. статистический комитет _cРевель _d1895 _oТ. 11 _tТруды Эстляндского губернского статистического комитета _vТ. 11$90 |
|
| 700 | 1 |
_aХарузин _bА.Н. |
|
| 801 | 0 |
_aRU _bNLR _gpsbo |
|
| 801 | 1 |
_aRU _bProSoft-M _2rusmarc |
|
| 852 |
_aNLR _j18.173.5.35 |
||
| 942 | _cBOOK | ||
| 980 | _aNB | ||